Normal view
MARC view
- Ballenger, James C.
Entry Personal Name
001 - CONTROL NUMBER
- control field: 1924
003 - CONTROL NUMBER IDENTIFIER
- control field: NUST
005 - DATE AND TIME OF LATEST TRANSACTION
- control field: 20170602113722.0
008 - FIXED-LENGTH DATA ELEMENTS
- fixed length control field: 170602|| aca||aabn | a|a d
040 ## - CATALOGING SOURCE
- Original cataloging agency: NUST
- Transcribing agency: NUST
100 ## - HEADING--PERSONAL NAME
- Personal name: Ballenger, James C.
670 ## - SOURCE DATA FOUND
- Source citation: Work cat.: (NUST): Anxiety disorders comorbid with depression: panic disorder and agoraphobia, 2002.
